Estadísticas para Países más cercanos a Kosovo

Haz click aquí para intentar la prueba.

Estadísticas generales

  • Esta prueba ha sido intentada 45 veces
  • La puntuación promedio es 18 de 20

Estadísticas de respuestas

kmpaís% Correcto
0Serbia
100%
0Albania
98%
96Bosnia y Herzegovina
98%
128Croacia
98%
114Grecia
98%
253Italia
98%
478Eslovenia
93%
0Macedonia del Norte
93%
0Montenegro
93%
156Rumania
93%
547Ucrania
93%
54Bulgaria
90%
527Eslovaquia
90%
318Hungría
88%
389Turquía
88%
601Moldavia
80%
525Austria
78%
628Ciudad del Vaticano
73%
658Polonia
73%
622San Marino
73%

Distribución de puntuación

Porcentaje por número respondido

Porcentaje de gente con cada puntuación

Historial de tus puntuaciones

No has intentado esta prueba.